[Event "EYTCC U18 Open 2019"]
[Site "Pardubice"]
[Date "2019.07.16"]
[Round "6.34"]
[White "Stevanic, David"]
[Black "Horvath, Dominik"]
[Result "1/2-1/2"]
[WhiteElo "2306"]
[BlackElo "2424"]
[Annotator "ChessBase"]
[PlyCount "106"]
[EventDate "2019.07.11"]
[EventType "swiss"]
[EventCountry "CZE"]
[SourceTitle "playchess.com"]
[Source "ChessBase"]
[SourceQuality "1"]
[WhiteTeam "Slovenia"]
[BlackTeam "Austria"]
[WhiteTeamCountry "SLO"]
[BlackTeamCountry "AUT"]
[TimeControl "40/5400+30:1800+30"]

1. e4 {[%emt 0:00:00]} e5 {[%emt 0:00:00]} 2. Nf3 {[%emt 0:00:00]} Nc6 {[%emt 0:00:00]} 3. Bc4 {[%emt 0:01:02]} Bc5 {[%emt 0:00:11]} 4. d3 {[%emt 0:05:09]} Nf6 {[%emt 0:00:47]} 5. O-O {[%emt 0:00:28]} d6 {[%emt 0:00:12]} 6. c3 {[%emt 0:02:18]} h6 {[%emt 0:05:53]} 7. Bb3 {[%emt 0:17:40]} O-O {[%emt 0:01:27]} 8. h3 {[%emt 0:00:45]} a5 {[%emt 0:01:19]} 9. a4 {[%emt 0:00:29]} Be6 {[%emt 0:09:11]} 10. Bc2 {[%emt 0:01:23]} d5 {[%emt 0:10:38]} 11. Qe2 {[%emt 0:02:02]} Re8 {[%emt 0:02:15]} 12. Rd1 {[%emt 0:02:33]} d4 {[%emt 0:01:34]} 13. Nbd2 {[%emt 0:06:58]} Qd7 {[%emt 0:12:14]} 14. Bb3 {[%emt 0:03:34]} Rad8 {[%emt 0:03:52]} 15. Bxe6 {[%emt 0:02:35]} Qxe6 {[%emt 0:02:14]} 16. Nf1 {[%emt 0:03:03]} Bf8 {[%emt 0:04:35]} 17. Ng3 {[%emt 0:06:20]} g6 {[%emt 0:00:04]} 18. Nh2 {[%emt 0:03:27]} Nd7 {[%emt 0:03:03]} 19. f4 {[%emt 0:02:31]} exf4 {[%emt 0:00:37]} 20. Bxf4 {[%emt 0:00:11]} Bd6 {[%emt 0:01:34]} 21. Qf2 {[%emt 0:04:59]} Bxf4 {[%emt 0:01:26]} 22. Qxf4 {[%emt 0:00:06]} Qe5 {[%emt 0:00:06]} 23. Qf2 {[%emt 0:02:42]} Qf6 {[%emt 0:10:44]} 24. Qxf6 {[%emt 0:05:15]} Nxf6 {[%emt 0:00:04]} 25. Nf3 {[%emt 0:02:05]} Ne5 {[%emt 0:08:21]} 26. Nxe5 {[%emt 0:04:44]} Rxe5 {[%emt 0:00:07]} 27. Ne2 {[%emt 0:00:15]} dxc3 {[%emt 0:00:52]} 28. bxc3 {[%emt 0:00:13]} Nd7 {[%emt 0:04:30]} 29. Ng3 {[%emt 0:05:33]} Rc5 {[%emt 0:00:48]} 30. Ra3 {[%emt 0:07:12]} Rc6 {[%emt 0:01:15]} 31. d4 {[%emt 0:03:58]} Rb6 {[%emt 0:02:58]} 32. Rf1 {[%emt 0:02:01]} h5 {[%emt 0:01:31]} 33. Rf4 {[%emt 0:02:20]} Nf6 {[%emt 0:01:23]} 34. Kh2 {[%emt 0:00:42]} Re8 {[%emt 0:00:53]} 35. Kg1 {[%emt 0:00:30]} h4 {[%emt 0:02:47]} 36. Rxh4 g5 {[%emt 0:00:05]} 37. Rh6 {[%emt 0:00:41]} Rb1+ {[%emt 0:00:23]} 38. Kh2 {[%emt 0:00:16]} Nxe4 {[%emt 0:00:04]} 39. Nxe4 {[%emt 0:00:46]} Rxe4 {[%emt 0:00:05]} 40. Rf6 {[%emt 0:01:08]} Kg7 {[%emt 0:03:10]} 41. Rf5 {[%emt 0:03:00]} Kg6 {[%emt 0:00:05]} 42. Rxa5 {[%emt 0:03:42]} c6 {[%emt 0:00:11]} 43. Ra2 {[%emt 0:05:21]} f5 {[%emt 0:03:14]} 44. Rf2 {[%emt 0:08:48]} f4 {[%emt 0:04:50]} 45. g3 {[%emt 0:00:16]} fxg3+ {[%emt 0:12:24]} 46. Kxg3 {[%emt 0:00:06]} Re3+ {[%emt 0:00:02]} 47. Kh2 {[%emt 0:05:54]} Rxc3 {[%emt 0:01:05]} 48. Rg2 {[%emt 0:00:47]} b5 {[%emt 0:00:49]} 49. axb5 {[%emt 0:00:52]} cxb5 {[%emt 0:01:05]} 50. Ra8 {[%emt 0:03:04]} Rbb3 {[%emt 0:00:31]} 51. Rg8+ {[%emt 0:00:39]} Kf7 {[%emt 0:00:26]} 52. R2xg5 {[%emt 0:01:03]} Rxh3+ {[%emt 0:00:19]} 53. Kg2 {[%emt 0:00:10]} Rhd3 {[%emt 0:00:17]} 1/2-1/2

[Event "EYTCC U18 Open 2019"]
[Site "Pardubice"]
[Date "2019.07.16"]
[Round "6.35"]
[White "Morgunov, Daniel"]
[Black "Tisaj, Domen"]
[Result "1-0"]
[WhiteElo "2316"]
[BlackElo "2232"]
[Annotator "NA"]
[PlyCount "97"]
[EventDate "2019.07.11"]
[EventType "swiss"]
[EventCountry "CZE"]
[SourceTitle "playchess.com"]
[Source "ChessBase"]
[SourceQuality "1"]
[WhiteTeam "Austria"]
[BlackTeam "Slovenia"]
[WhiteTeamCountry "AUT"]
[BlackTeamCountry "SLO"]
[TimeControl "40/5400+30:1800+30"]

1. e4 {[%emt 0:00:00]} c5 {[%emt 0:00:00]} 2. Nf3 {[%emt 0:00:00]} Nc6 {[%emt 0:00:00]} 3. d4 {[%emt 0:00:00]} cxd4 {[%emt 0:00:06]} 4. Nxd4 {[%emt 0:00:00]} e5 {[%emt 0:00:13]} 5. Nb5 {[%emt 0:00:00]} d6 {[%emt 0:00:07]} 6. c4 {[%emt 0:00:05]} Be7 {[%emt 0:00:05]} 7. N5c3 {[%emt 0:00:10]} Nf6 {[%emt 0:00:18]} 8. Bd3 {[%emt 0:00:09]} Be6 {[%emt 0:00:28]} 9. O-O {[%emt 0:00:13]} Nd7 {[%emt 0:04:56]} 10. Nd5 {[%emt 0:00:45]} O-O {[%emt 0:00:44]} 11. Nxe7+ {[%emt 0:00:08]} Qxe7 {[%emt 0:00:46]} 12. Nc3 {[%emt 0:00:18]} Nc5 {[%emt 0:03:14]} 13. Be3 {[%emt 0:00:22]} Nxd3 {[%emt 0:04:28]} 14. Qxd3 {[%emt 0:00:07]} f5 {[%emt 0:00:20]} 15. exf5 {[%emt 0:00:51]} Bxf5 {[%emt 0:00:24]} 16. Qd2 {[%emt 0:00:07]} Qe6 {[%emt 0:14:10]} 17. b3 {[%emt 0:08:35]} Qg6 {[%emt 0:01:19]} 18. f3 {[%emt 0:07:34]} Rad8 {[%emt 0:08:10]} 19. Kh1 {[%emt 0:05:45]} a6 {[%emt 0:03:59]} 20. Rad1 {[%emt 0:02:19]} Kh8 {[%emt 0:01:48]} 21. Nd5 {[%emt 0:10:07]} h6 {[%emt 0:06:25]} 22. Qc3 {[%emt 0:06:06]} e4 {[%emt 0:07:28]} 23. f4 {[%emt 0:04:52]} Bg4 {[%emt 0:02:18]} 24. Rde1 {[%emt 0:05:48]} Be6 {[%emt 0:08:05]} 25. Bb6 {[%emt 0:03:46]} Rde8 {[%emt 0:00:44]} 26. Ne3 {[%emt 0:14:40]} Ne7 {[%emt 0:02:08]} 27. Bd4 {[%emt 0:06:27]} Rc8 {[%emt 0:01:35]} 28. Qb4 {[%emt 0:05:06]} Nc6 {[%emt 0:05:41]} 29. Qb6 {[%emt 0:00:53]} Bf5 {[%emt 0:02:17]} 30. Bc3 {[%emt 0:04:29]} Rf7 {[%emt 0:00:32]} 31. Rf2 {[%emt 0:00:58]} Re8 {[%emt 0:00:52]} 32. Rd1 {[%emt 0:02:22]} Bg4 {[%emt 0:05:12]} 33. Rdf1 {[%emt 0:03:19]} Qh5 {[%emt 0:01:28]} 34. Nd5 {[%emt 0:05:19]} Be2 {[%emt 0:03:51]} 35. Rg1 {[%emt 0:01:03]} Bd3 {[%emt 0:06:03]} 36. g4 {[%emt 0:01:30]} Qh4 {[%emt 0:02:15]} 37. Qe3 {[%emt 0:00:47]} Kg8 {[%emt 0:01:45]} 38. g5 {[%emt 0:02:18]} Ne5 {[%emt 0:02:03]} 39. Bxe5 {[%emt 0:00:54]} dxe5 {[%emt 0:01:06]} 40. f5 {[%emt 0:00:35]} hxg5 {[%emt 0:02:02]} 41. Rxg5 {[%emt 0:03:08]} b5 {[%emt 0:02:35]} 42. Rfg2 {[%emt 0:08:15]} Rd8 {[%emt 0:17:17]} 43. f6 {[%emt 0:03:43]} Rdd7 {[%emt 0:00:18]} 44. R2g4 {[%emt 0:01:18]} Qh7 {[%emt 0:01:27]} 45. Rxe5 {[%emt 0:00:49]} bxc4 {[%emt 0:02:15]} 46. Re8+ {[%emt 0:03:17]} Rf8 {[%emt 0:00:22]} 47. Rxf8+ {[%emt 0:00:39]} Kxf8 {[%emt 0:00:07]} 48. Qc5+ {[%emt 0:00:07]} Kf7 {[%emt 0:01:24]} 49. Rxg7+ {[%emt 0:00:15]} 1-0

[Event "EYTCC U18 Open 2019"]
[Site "Pardubice"]
[Date "2019.07.16"]
[Round "6.36"]
[White "Marn, Jan"]
[Black "Morgunov, Marc"]
[Result "1/2-1/2"]
[WhiteElo "2215"]
[BlackElo "2314"]
[Annotator "NA"]
[PlyCount "70"]
[EventDate "2019.07.11"]
[EventType "swiss"]
[EventCountry "CZE"]
[SourceTitle "playchess.com"]
[Source "ChessBase"]
[SourceQuality "1"]
[WhiteTeam "Slovenia"]
[BlackTeam "Austria"]
[WhiteTeamCountry "SLO"]
[BlackTeamCountry "AUT"]
[TimeControl "40/5400+30:1800+30"]

1. d4 {[%emt 0:00:00]} Nf6 {[%emt 0:00:00]} 2. c4 {[%emt 0:00:00]} e6 {[%emt 0:00:00]} 3. Nc3 {[%emt 0:00:00]} Bb4 {[%emt 0:00:00]} 4. e3 {[%emt 0:00:02]} b6 {[%emt 0:00:04]} 5. Nge2 {[%emt 0:00:09]} Ne4 {[%emt 0:00:05]} 6. Qc2 {[%emt 0:09:44]} Bb7 {[%emt 0:00:11]} 7. a3 {[%emt 0:00:11]} Bxc3+ {[%emt 0:00:06]} 8. Nxc3 {[%emt 0:00:05]} Nxc3 {[%emt 0:00:05]} 9. Qxc3 {[%emt 0:00:30]} d6 {[%emt 0:00:05]} 10. b4 {[%emt 0:06:23]} a5 {[%emt 0:00:15]} 11. b5 {[%emt 0:05:08]} Nd7 {[%emt 0:00:57]} 12. Bb2 {[%emt 0:03:18]} Qh4 {[%emt 0:02:56]} 13. Qc2 {[%emt 0:16:37]} O-O {[%emt 0:03:30]} 14. Bd3 {[%emt 0:03:55]} Bxg2 {[%emt 0:05:46]} 15. Rg1 {[%emt 0:00:04]} Bf3 {[%emt 0:00:55]} 16. Rg3 {[%emt 0:00:40]} Qh5 {[%emt 0:03:47]} 17. Kd2 {[%emt 0:24:12]} f5 {[%emt 0:23:11]} 18. Rag1 {[%emt 0:02:01]} g6 {[%emt 0:00:41]} 19. Kc1 {[%emt 0:04:58]} Kh8 {[%emt 0:05:09]} 20. Qd2 {[%emt 0:09:34]} Qxh2 {[%emt 0:11:40]} 21. Qe1 {[%emt 0:07:56]} Be4 {[%emt 0:00:25]} 22. Rxg6 {[%emt 0:03:30]} Rae8 {[%emt 0:24:57]} 23. Bxe4 fxe4 {[%emt 0:00:06]} 24. R6g2 {[%emt 0:01:13]} Qh5 {[%emt 0:02:20]} 25. Rh1 {[%emt 0:00:28]} Qf5 {[%emt 0:00:16]} 26. Qd1 {[%emt 0:01:50]} Rg8 {[%emt 0:03:36]} 27. Rh5 {[%emt 0:00:24]} Rxg2 {[%emt 0:00:34]} 28. d5+ {[%emt 0:00:21]} Ne5 {[%emt 0:01:13]} 29. Rxf5 {[%emt 0:00:32]} exf5 {[%emt 0:00:11]} 30. Qh5 {[%emt 0:00:11]} Rf8 {[%emt 0:00:56]} 31. Qh6 {[%emt 0:00:43]} Rf7 {[%emt 0:05:07]} 32. Qe6 {[%emt 0:00:33]} Kg8 {[%emt 0:00:45]} 33. Qe8+ {[%emt 0:00:24]} Rf8 {[%emt 0:00:53]} 34. Qe6+ {[%emt 0:00:06]} Rf7 {[%emt 0:01:39]} 35. Qe8+ {[%emt 0:00:04]} Rf8 {[%emt 0:01:45]} 1/2-1/2

[Event "EYTCC U18 Open 2019"]
[Site "Pardubice"]
[Date "2019.07.17"]
[Round "7.7"]
[White "Meers, Hubert"]
[Black "Uritsky, Yonathan"]
[Result "1/2-1/2"]
[WhiteElo "2141"]
[BlackElo "2040"]
[Annotator "TA"]
[PlyCount "102"]
[EventDate "2019.07.11"]
[EventType "swiss"]
[EventCountry "CZE"]
[SourceTitle "playchess.com"]
[Source "ChessBase"]
[SourceQuality "1"]
[WhiteTeam "Poland"]
[BlackTeam "Israel"]
[WhiteTeamCountry "POL"]
[BlackTeamCountry "ISR"]

{[%evp 21,102,10,12,5,18,19,24,35,43,6,0,0,0,0,0,0,0,0,0,0,0,0,0,0,0,0,0,0,0,-1,10,14,20,0,0,-31,68,70,76,10,10,5,18,10,10,0,0,0,0,0,0,0,0,0,0,0,0,0,0,0,0,0,0,0,0,0,0,0,0,0,0,0,0,0,0,0,0,0,0,0,0,0,0]} 1. e4 c5 2. Nf3 Nc6 3. d4 cxd4 4. Nxd4 Nf6 5. Nc3 e5 6. Ndb5 d6 7. Bg5 a6 8. Na3 b5 9. Bxf6 gxf6 10. Nd5 f5 11. g3 fxe4 12. Bg2 {B33: Sicilian: Pelikan and Sveshnikov Variations} Be6 (12... Bg7 13. Bxe4 Be6 14. Nf6+ Bxf6 15. Bxc6+ Ke7 16. c3 Rc8 17. Bd5 Rc5 18. Bxe6 fxe6 19. Nc2 Qa8 20. O-O Qd5 21. Qe2 Qc4 {½-½ (29) Almasi,Z (2682)-Gledura,B (2622) Hungary 2019}) 13. Bxe4 {[#] And now Nf6+! would win.} Rc8 14. c3 {White has an edge.} Bg7 15. Qh5 Ne7 16. Qg5 Nxd5 17. Qxg7 {[#]} Qf6 $146 ({Predecessor:} 17... Ke7 18. Qg5+ Nf6 19. Bg2 Rg8 {½-½ (20) Olafsson,H (2545)-Soltau,A (2540) Sweden 1994}) 18. Qxf6 Nxf6 19. Bb7 {[%mdl 64] [#] Double Attack} Rb8 20. Bxa6 Bd7 21. c4 b4 22. Nc2 Rb6 23. Bb5 $1 $36 {[%mdl 2048] White is pushing.} Bxb5 24. cxb5 Rxb5 25. O-O O-O 26. Rad1 d5 27. Rfe1 Re8 28. Rd3 e4 (28... Rc8 $15 29. a4 bxa3 30. Nxa3 Rxb2 31. Rxe5 h6) 29. Rb3 $14 Reb8 30. f3 ({Better is} 30. Rd1 $16) 30... Nd7 $11 {The position is equal.} 31. Nd4 R5b6 32. fxe4 Nc5 33. Rbe3 dxe4 34. Nb3 Nxb3 35. Rxb3 {[%mdl 4096] Endgame KRR-KRR} f5 36. Rf1 Rb5 37. g4 fxg4 38. Rf4 h5 39. Rxe4 Kf7 40. h3 gxh3 41. Kh2 Ra8 42. Rexb4 (42. Rf4+ {is interesting.} Ke6 43. a3 bxa3 44. Rxb5 a2 45. Rf1) 42... Rxb4 43. Rxb4 Rxa2 44. Kxh3 {KR-KR} Ra1 45. Rb7+ Ke6 46. Rb6+ Kd5 47. Rb5+ Kc4 48. Rxh5 Rh1+ 49. Kg4 Rxh5 50. Kxh5 Kb3 51. Kg4 Kxb2 {Accuracy: White = 68%, Black = 76%.} 1/2-1/2

[Event "EYTCC U18 Open 2019"]
[Site "Pardubice"]
[Date "2019.07.17"]
[Round "7.9"]
[White "Maurizzi, Marc Andria"]
[Black "Smolik, Jachym"]
[Result "1-0"]
[WhiteElo "2412"]
[BlackElo "1757"]
[Annotator "TA"]
[PlyCount "105"]
[EventDate "2019.07.11"]
[EventType "swiss"]
[EventCountry "CZE"]
[SourceTitle "playchess.com"]
[Source "ChessBase"]
[SourceQuality "1"]
[WhiteTeam "France"]
[BlackTeam "Czech Republic"]
[WhiteTeamCountry "FRA"]
[BlackTeamCountry "CZE"]

{[%evp 16,105,25,26,29,29,44,0,18,10,14,7,11,0,8,4,60,30,36,27,33,28,40,18,56,26,35,35,54,59,46,50,69,36,68,28,98,65,93,44,55,58,195,187,185,134,168,168,181,179,174,174,245,231,282,270,265,275,460,452,449,442,463,403,383,296,296,289,352,326,375,366,375,375,375,373,369,364,370,366,350,304,620,612,699,691,599,395,1283,1158,931,838]} 1. e4 c5 2. Nf3 Nc6 3. Nc3 e6 4. d4 cxd4 5. Nxd4 Qc7 6. Be3 a6 7. a3 b5 8. Nxc6 Qxc6 9. Be2 Bb7 {B49: Sicilian: Taimanov: 5 Nc3 Qc7 6 Be3 a6 7 Be2} 10. O-O (10. Qd2 Be7 11. O-O Bf6 12. Bd4 Qd6 13. Rfd1 Qxd4 14. Qxd4 Bxd4 15. Rxd4 Ne7 16. Rad1 Bc6 17. f3 {0-1 (44) Schroeder,J (2571)-Rapport,R (2726) Germany 2019}) 10... Qc7 11. Bf3 Rc8 {The position is equal.} 12. Bd4 e5 $146 ({Predecessor:} 12... d6 13. Re1 e5 14. Be3 Be7 15. Bg4 Rd8 16. a4 b4 17. Nd5 Bxd5 18. exd5 {½-½ (34) Kis Kos,L-Verstreken,A LSS email 2007}) 13. Be3 Bc5 14. Qd2 Bxe3 15. Qxe3 Ne7 (15... Nf6 $11) 16. Qg5 Ng6 17. Rad1 O-O 18. Rd2 h6 19. Qg4 Bc6 20. Nd1 {[%cal Bc3d1,Bd1e3,Be3d5][%mdl 32]} Nf4 21. Ne3 $36 {[%mdl 2048] Nf5! is the strong threat. White is pushing.} Kh7 22. g3 Ne6 23. Bg2 g6 24. Rfd1 h5 25. Qe2 Nc5 (25... a5 $11 {remains equal.}) 26. Nd5 Qd8 27. c3 Nb3 28. Rd3 b4 ({Black should play} 28... Nc5 $14) 29. axb4 $18 Bb5 30. Qe1 (30. Ne3 $18) 30... Bxd3 31. Rxd3 {[#] Black must now prevent Qd1.} a5 32. Qd1 {[%mdl 1024] White has strong compensation.} a4 33. Ne3 Qb6 (33... h4 $142 34. Bf1 (34. Rxd7 Qg5 $16) 34... Qg5) 34. Bf1 (34. Rxd7 $6 Rcd8 $16) 34... Qb7 35. Rd5 ({But not} 35. Rxd7 $6 Rc7 $18) 35... d6 36. Rxd6 Nd4 $2 (36... Rc6 37. Rd5 Qa7 38. Rxe5 Re6) 37. cxd4 Qxb4 38. dxe5 Qxb2 39. Qxa4 Qxe5 40. Qd4 Qxd4 41. Rxd4 Rce8 42. Kg2 Ra8 43. Bc4 Kg7 44. Rd7 Rad8 45. Rxd8 Rxd8 46. Bd5 Kf6 47. f4 Ke7 48. Nc4 f5 $2 (48... f6 49. Ne3 Rd7) 49. Ne5 {[#] Strongly threatening Nc6+.} Kf6 50. h4 Rc8 51. exf5 Rc2+ $2 (51... gxf5 52. Bf3 Rh8) 52. Kh3 gxf5 53. Bf3 {Accuracy: White = 56%, Black = 37%.} 1-0

[Event "EYTCC U18 Open 2019"]
[Site "Pardubice"]
[Date "2019.07.17"]
[Round "7.25"]
[White "Ivic, Velimir"]
[Black "Engel, Luis"]
[Result "1-0"]
[WhiteElo "2510"]
[BlackElo "2509"]
[Annotator "TA"]
[PlyCount "55"]
[EventDate "2019.07.11"]
[EventType "swiss"]
[EventCountry "CZE"]
[SourceTitle "playchess.com"]
[Source "ChessBase"]
[SourceQuality "1"]
[WhiteTeam "Serbia"]
[BlackTeam "Germany"]
[WhiteTeamCountry "SRB"]
[BlackTeamCountry "GER"]

{[%evp 14,54,20,15,20,23,25,22,17,11,49,47,57,60,55,62,69,47,77,84,127,120,120,120,153,147,160,97,144,127,155,168,220,178,229,229,258,255,1477,1458,29985,29986,29999]} 1. e4 c5 2. Nf3 d6 3. d4 cxd4 4. Nxd4 Nf6 5. Nc3 a6 6. Bd3 g6 7. f3 Bg7 8. Be3 Nc6 {B72: Sicilian Dragon: 6 Be3, lines with h3+Bc4 and sidelines} 9. Qd2 O-O (9... Nxd4 10. Bxd4 Be6 11. g4 b5 12. h4 Qa5 13. a3 h6 14. O-O-O Rb8 15. g5 Nh5 16. Bxg7 Nxg7 17. gxh6 {½-½ (41) Anand,V (2779)-Navara,D (2739) Shamkir 2019}) 10. O-O-O d5 {The position is equal.} 11. h4 e5 $146 ({Predecessor:} 11... Ne5 12. exd5 Nxd5 13. Be2 Nxe3 14. Qxe3 Qb6 15. Nd5 Qc5 16. Nf5 Qxe3+ 17. Nfxe3 {0-1 (54) Sirobaba,F (2372)-Voronin,A (2403) ICCF email 2015}) 12. Nxc6 bxc6 13. exd5 cxd5 14. Bh6 $1 d4 15. Ne2 $1 Nd5 16. h5 {[#] Strongly threatening hxg6.} Ne3 17. Bxe3 dxe3 18. Qxe3 Qa5 19. Bc4 Rb8 20. Bb3 (20. Nc3 $142) 20... Be6 21. Kb1 Bxb3 22. axb3 Rfc8 (22... Qb6 $142 23. Qxb6 Rxb6) 23. h6 Bh8 (23... Bf6 $142 24. Nc3 Rd8) 24. Nc3 $18 {[%cal Be2c3,Bc3d5,Bd5f6][%mdl 32] Hoping for Rd7.} e4 {[%cal Rc8c3] White must now prevent ...Rxc3.} 25. Nd5 ({Less strong is} 25. Nxe4 Qe5 $14) ({But not} 25. Qxe4 $6 Bxc3 26. bxc3 Qxc3 $16) 25... Rc4 $2 {[#]} (25... Re8 26. fxe4 Qb5) 26. Qf4 $1 Qb5 27. Nf6+ {[%mdl 64] Double Attack} Kf8 28. Qd6# {Accuracy: White = 89%, Black = 35%.} 1-0

[Event "EYTCC U18 Open 2019"]
[Site "Pardubice"]
[Date "2019.07.17"]
[Round "7.26"]
[White "Buckels, Valentin"]
[Black "Radovanovic, Mihajlo"]
[Result "1-0"]
[WhiteElo "2451"]
[BlackElo "2500"]
[Annotator "TA"]
[PlyCount "85"]
[EventDate "2019.07.11"]
[EventType "swiss"]
[EventCountry "CZE"]
[SourceTitle "playchess.com"]
[Source "ChessBase"]
[SourceQuality "1"]
[WhiteTeam "Germany"]
[BlackTeam "Serbia"]
[WhiteTeamCountry "GER"]
[BlackTeamCountry "SRB"]

{[%evp 18,85,22,11,10,19,26,6,46,54,83,51,49,57,102,107,137,132,132,83,88,96,94,106,159,123,230,227,241,242,231,226,339,330,309,317,312,293,293,231,228,233,272,269,340,294,364,360,368,329,350,366,354,361,341,0,251,0,353,364,887,298,29976,29977,29971,4818,4818,4810,1868,1859]} 1. d4 Nf6 2. c4 g6 3. Nf3 Bg7 4. g3 O-O 5. Bg2 d6 6. O-O c6 7. Nc3 Bf5 8. Re1 Ne4 9. Qb3 Nxc3 10. bxc3 Bc8 {E62: King's Indian: Fianchetto: 6...c6 and Panno Variation (6...Nc6) without ...a6} 11. e4 c5 12. Be3 $146 ({Predecessor:} 12. e5 Nc6 13. exd6 exd6 14. Bg5 Qc7 15. dxc5 dxc5 16. Bf4 Qa5 17. Ne5 Nxe5 18. Bxe5 Bxe5 19. Rxe5 {1-0 (35) Pert,N (2539)-Daly,C (2340) Bunratty 2013}) 12... Qc7 {The position is equal.} 13. e5 Nd7 {[%cal Rd6e5,Bb8d7,Bd7f6,Bf6g4][%mdl 32]} 14. e6 fxe6 15. Ng5 Nf6 16. dxc5 $1 Ng4 17. cxd6 exd6 18. Bh3 Ne5 19. c5 (19. Nxe6 $2 Nf3+ 20. Kh1 Qc6 $19) (19. Bxe6+ $6 Bxe6 20. Nxe6 Nf3+ 21. Kf1 Qc6 $11) 19... dxc5 20. Bf4 (20. Nxe6 Nf3+ 21. Kh1 Qc6 $17) 20... Kh8 (20... c4 $142 21. Qb4 Rxf4 22. gxf4 Nd3 {[%mdl 64] Double Attack}) 21. Re3 (21. Bxe6 $6 Bxe6 22. Qxe6 Rae8 $14) 21... c4 (21... Qe7 $16 {keeps fighting.}) 22. Qb5 $18 {[%cal Rf4e5]} Rxf4 23. gxf4 {White wants to mate with Qe8+.} Bd7 24. Nxe6 $40 {[%mdl 128] White is out for blood.} Qb8 (24... Bxe6 $142 25. Bxe6 a6) 25. Qc5 Nd3 26. Qxc4 Bxe6 27. Bxe6 ({Don't do} 27. Qxe6 Nxf4 28. Qf7 Qf8 $18) ({Don't take} 27. Qxd3 Bg8 $18) 27... Nxf4 28. Bf7 {Hoping for Re8+.} Qd6 29. Rae1 $1 h5 30. Rf3 g5 {[#]} 31. Bxh5 $1 {[%mdl 512]} Qd7 ({Of course not} 31... Nxh5 32. Rh3 $18) 32. Qf7 Qd2 {[%cal Rd2e1]} 33. Re8+ Rxe8 34. Qxe8+ Kh7 35. Qe4+ Kh8 36. Qe8+ Kh7 37. Qe4+ (37. Re3 $142 $1) 37... Kh8 $1 {( -> ...Qd1+)} 38. Re3 Bxc3 $2 (38... Qc1+ 39. Re1 Qxc3) 39. Be2 $2 (39. Qe8+ Kh7 40. h4 $1 {[%mdl 512]} Qc1+ 41. Kh2) 39... Bd4 $2 (39... Bf6 $18 40. Bf1 Qd7 41. Qe8+ Qxe8 42. Rxe8+ Kg7) 40. Qe8+ Kh7 {[#]} 41. Qd7+ (41. Bd3+ $142 $1 {[%mdl 512]} Qxd3 (41... Nxd3 42. Qf7+) 42. Rxd3 Nxd3 43. Qe4+ Kg8 44. Qxd4 Nf4 45. Qxa7 b5 46. Qb8+ Kf7 47. Qxb5) 41... Kh6 42. Qd6+ Ng6 {[#]} 43. Bd3 $1 {[%mdl 512] Accuracy: White = 72%, Black = 38%.} 1-0

[Event "EYTCC U18 Open 2019"]
[Site "Pardubice"]
[Date "2019.07.17"]
[Round "7.27"]
[White "Budisavljevic, Luka"]
[Black "Parvanyan, Ashot"]
[Result "1/2-1/2"]
[WhiteElo "2351"]
[BlackElo "2423"]
[Annotator "TA"]
[PlyCount "63"]
[EventDate "2019.07.11"]
[EventType "swiss"]
[EventCountry "CZE"]
[SourceTitle "playchess.com"]
[Source "ChessBase"]
[SourceQuality "1"]
[WhiteTeam "Serbia"]
[BlackTeam "Germany"]
[WhiteTeamCountry "SRB"]
[BlackTeamCountry "GER"]

{[%evp 28,63,0,-6,0,0,0,0,0,0,0,0,0,0,8,10,7,-5,-6,-5,0,-11,0,-5,-5,-5,-5,-5,-5,-5,-5,-5,-5,-5,0,0,0,-10]} 1. d4 Nf6 2. Nf3 g6 3. c4 Bg7 4. Nc3 O-O 5. e4 d6 6. Be2 e5 7. dxe5 dxe5 8. Qxd8 Rxd8 9. Bg5 Re8 10. Nd5 Nxd5 11. cxd5 c6 12. Bc4 cxd5 13. Bxd5 Nd7 14. Nd2 Nc5 15. O-O-O {The position is equal.} Ne6 {E92: King's Indian: Classical: 6 Be2 e5: 7 dxe5, 7 Be3 and Petrosian System without 7...Nbd7} (15... Be6 16. Bxe6 Nxe6 17. Be3 Bf8 18. Kb1 Bc5 19. Nc4 f6 20. Bxc5 Nxc5 21. f3 Rad8 22. Ne3 Kf7 23. Rxd8 Rxd8 {½-½ (32) Mirzoev,A (2541)-Zubov,A (2612) Konya 2017}) 16. Be3 Nf4 17. Bxf4 $1 exf4 18. f3 Be6 19. Nb3 a5 {[%cal Ba7a5,Ba5a4][%mdl 32]} 20. Kb1 $146 ({Predecessor:} 20. a4 Bxd5 21. Rxd5 {½-½ (21) Khetsuriani,B-Schmidt,W (2465) Katowice 1990}) 20... a4 {[#] And now ...Bxd5 would win.} 21. Nc5 Ra5 22. Nxe6 fxe6 23. Bc4 $1 Rc5 24. Rc1 {[#] Hoping for Bxe6+!} Kf8 25. Rhd1 Ke7 26. Be2 Rec8 27. a3 R8c6 28. Rxc5 Rxc5 29. Rc1 Kd6 30. Rd1+ Ke7 31. Rc1 Kd6 32. Rd1+ {Accuracy: White = 92%, Black = 68%.} 1/2-1/2